*Contos Clássicos Chiquititas (Record no. 47305)

MARC details
000 -LÍDER
campo de controle de tamanho fixo 00375 a2200157 4500
001 - NÚMERO DE CONTROLE
campo de controle 47305
020 ## - ISBN - INTERNATIONAL STANDARD BOOK NUMBER
ISBN - International Standard Book Number 9788580739190
040 ## - FONTE DA CATALOGAÇÃO
Instituição que transcreveu o registro Anchieta - Aquarius
100 ## - ENTRADA PRINCIPAL--NOME PESSOAL
Nome pessoal MARCOS, Daniella
240 10 - TÍTULO UNIFORME
Título uniforme *Contos Clássicos Chiquititas
Idioma da obra por
245 10 - TÍTULO
Título *Contos Clássicos Chiquititas
300 ## - DESCRIÇÃO FÍSICA
Extensão 12p.
362 0# - DATAS DE PUBLICAÇÃO E/OU DESIGNAÇÃO SEQUENCIAL
Datas de publicação e/ou designação sequencial 2013
650 #4 - ASSUNTO--TERMO TÓPICO
Cabeçalho tópico ou nome geográfico Literatura infanto-juvenil
942 ## - ELEMENTOS DE ENTRADA ADICIONADOS (KOHA)
Tipo de material Koha Livros
Holdings
Situação do descarte Situação das perdas Situação física Não pode ser emprestado Biblioteca de origem Biblioteca atual Data de aquisição Total de empréstimos Número de chamada completo Código de barras Data de último acesso Data do preço efetivo Tipo de material Koha Devolução em Data do último empréstimo
        Canadian School of Niterói - Piratininga Canadian School of Niterói - Piratininga 09/02/2024 1 MAR A22996 09/08/2024 09/02/2024 Livros 16/08/2024 09/08/2024
        Colégio Anchieta - Aquarius Colégio Anchieta - Aquarius 21/11/2023   028.5 MAR CON 5866/AQU 21/11/2023 21/11/2023 Livros